| 000 | 00906nam a22002537a 4500 | ||
|---|---|---|---|
| 999 |
_c7665 _d7665 |
||
| 003 | AR-CdUCM | ||
| 008 | 190321b ||||| |||| 00| 0 spa d | ||
| 020 | _a84-205-0396-7 | ||
| 040 |
_aMUNICIPALIDAD PROVINCIAL DEL CUSCO _cBIBLIOTECA MUNICIPAL DEL CUSCO |
||
| 082 |
_a507 / _bA35 |
||
| 100 |
_aAlcudia, F. _921645 |
||
| 245 | _aProblemas en síntesis orgánica / | ||
| 260 |
_aMadrid : _bAlhambra, _c1978. |
||
| 300 |
_a204 páginas ; _bIlustraciones, _c24 cm. |
||
| 440 |
_aVertix - Textos auxiliares de clases practicas. _n40 _921646 |
||
| 505 | _aProblemas -- Soluciones a los problemas -- Principales reacciones de síntesis tratados en los problemas propuestos. | ||
| 650 |
_aQuímica orgánica _921647 |
||
| 650 |
_aSíntesis _921648 |
||
| 650 |
_aProblemas - ejercicios _921649 |
||
| 700 |
_aGarcia Ruano, J. L. _921650 |
||
| 700 |
_aPrados, P. _921651 |
||
| 942 |
_2ddc _cLIBROS |
||
| 945 | _aacv | ||